Cieśniny świata - Statystyki

Ogólne statystyki
  • Ten quiz został rozwiązany 688 razy
  • Średni wynik to 4 z 10
Statystyki odpowiedzi
Kontynent/kontynenty Morza, oceany lub zatoki, które łączy Cieśnina % Poprawnych
Azja, Europa Czarne, Marmara Bosfor
77%
Ameryka Północna, Azja Arktyczny, Spokojny Beringa
66%
Afryka, Europa Śródziemne (Alborańskie), Atlantyckie Gibraltarska
64%
Ameryka Południowa Atlantycki, Spokojny Magellana
61%
Azja, Europa Egejskie, Marmara Dardanele
52%
Europa Bałtyckie, Północne Skagerrak
33%
Europa Bałtyckie, Północne Kattegat
32%
Ameryka Północna Atlantycki, Meksykńska Florydzka
20%
Azja Południowochińskie, Wschodniochińskie Tajwańska
18%
Ameryka Północna Karaibskie, Meksykańska Jukatańska
13%
Nie znaleziono quizów pasujących do podanych kryteriów
Rozkład punktacji
Procent ludzi z każdym wynikiem
Percentyl według liczby udzielonych odpowiedzi
Twoja historia wyników
Nie rozwiązałeś tego quizu